Нормален изглед
MARC изглед
- Дамянов, Бисер Илиев
Вход 01. Лично име
001 - Контролен номер на записа
- Контролно поле: 58179
003 - Код на организацията, даваща контролен номер
- Контролно поле: BLK
005 - Дата и час на последна промяна на записа
- Контролно поле: 20241216134013.0
008 - Данни с фиксирана дължина – обща информация
- Данни с фиксирана дължина : 180403n| acnz|abbn | aba d
100 1# - ИМЕ НА ЛИЦЕ -ПЪРВИЧНА ИНТЕЛЕКТУАЛНА ОТГОВОРНОСТ
- Лично име: Дамянов, Бисер Илиев
- Дати, свързани с автора: 1955 -
- Друга информация: Художник, изкуствовед.
942 ## - Системна служебна употреба
- Koha auth type: PERSO_NAME